MDQL
is popping MORE tags! Check the
thread
!
Quizzes
Events
Quiz Creation
Community
Videos
Private Events
Remove Ads
Sign In
Join for FREE
Feedback
Dark Mode
Quiz Categories
Sports
Geography
Music
Movies
Television
Just For Fun
Miscellaneous
History
Literature
Language
Science
Gaming
Entertainment
Religion
Holiday
For Kids
Quiz Lab
Recent
Popular Today
Quiz Kudos Today
Editor Picks
Curator Picks
Quizzes by...
Day
Popularity
Type
Ratings
Length
Year
Community
Subscriptions
Recent Discussions
Orange Saloon
Badges
Playlists
Quests
Create
Leaderboards
Showdown
Live 5
Trivia Bingo
Activity
Puzzle Library
Sporcle Events
Private Events
Virtual Trivia
Globe League
Become a Host
Pub Owners
SporcleCon
Opinionation
Our Games
Videos
Blog
Mobile Apps
Partnerships
Remove Ads and Go Orange
Feedback
History
US Presidents
World Leaders
Politics
Nation
Discovery
War
Decade
Year
Century
Biography
Art
History
US Presidents
World Leaders
Politics
Nation
Discovery
War
Decade
Year
Century
Biography
Art
Random Quiz
Search Sporcle
×
Quiz Lab
Quiz Lab
History
King
Type in answers that appear in a list
Type in answers that appear in a list
Classic
Best Score? Go Orange.
Kings of Judah and Israel Stats
Can you name the Kings of Judah and Israel?
By
rainbownia
10m
40 Questions
309 Plays
309 Plays
309 Plays
Comments
Comments
Give Quiz Kudos
Give Quiz Kudos
-
- Ratings
hide this ad
Replay
Link that replays current quiz
Next Quiz
Link to next quiz in quiz playlist
You Got
0%
They Got
Avg Score
54%
Avg Friend Score
Upgrade to see
Score Distribution
Jump to the score distribution portion of the page
Score
0/40
Timer
10:00
0
Plays Today
Years (BCE)
King
% Correct
1005-
965
David
100%
968-
928
Solomon
96.4%
1025–1005
Saul
93.8%
928-
911
Rehoboam
71.3%
928-
907
Jeroboam I
71%
788-
747
Jeroboam II
71%
873-
852
Ahab
67.8%
727/
715-
698/
687
Hezekiah
65.8%
640-
609
Josiah
60.6%
908-
867
Asa
58.3%
743/
735-
727/
715
Ahaz
58.3%
870-
846
Jehoshaphat
57.3%
836-
798
Jehoash/joash
56%
800-
784
Jehoash/Joash
56%
597-
586
Zedekiah/Mattaniah
54.7%
785-
733
Azariah/Uzziah
53.7%
882-
871
Omri
53.4%
698/
687-
642
Manasseh
52.1%
911-
908
Abijam/Abijah
51.8%
842-
836
Athaliah
51.8%
Years (BCE)
King
% Correct
842-
814
Jehu
51.5%
851-
843
Jehoram/Joram
50.8%
608-
598
Jehoiakim/Eliakim
49.2%
882
Zimri
48.5%
609
Jehoahaz/Shallum
47.6%
597
Jehoiachin/Jeconiah
47.6%
641-
640
Amon
45.6%
852-
851
Ahaziah
45%
906-
883
Baasha
44%
759-
743
Jotham
44%
735-
732
Pekah
43.3%
907-
906
Nadab
42%
798-
769
Amaziah
41%
817-
800
Jehoahaz
40.7%
747
Zechariah
40.7%
747
Shallum
40.1%
737-
735
Pekahiah
38.8%
732-
722
Hoshea
38.4%
883-
882
Elah
37.8%
747-
737
Menahem
30%
Quiz Playlist
Details
Report
Send in Message
Add To Playlist
Classic:
Type in answers that appear in a list
Last Updated: Jun 30, 2017
Quiz Scoreboard
CHALLENGE
Sign Up to Join the Scoreboard
Show All
Scores
Hide
Comments
May contain spoilers
Recently Published
Holiday 10x10 Sorting Gallery
by lukepisani3
Holiday
15m
Two Season TV Shows II
by 123Four
Television
10m
Image Sorting: Flags VI
by Barbecue
Geography
2m
More to Explore
Quiz From the Vault
Featured Blog Post
14 Easter Pick-up Lines to Find Eggs With
hide this ad
You Might Also Like...
Tags
bce
Israel
judah
King
Kingdom
Today's Top Quizzes in History
Browse History
hide this ad
Today's Top Quizzes in King
Browse King
Top Contributed Quizzes in History
1
I Am Born On March 29th
2
Order Up: 1000 Years of World Events I
3
US National Parks Named After People
4
Popular People in 1991
5
Popular People in 1951
6
Popular People in 1981
7
Popular People in 1941
8
Popular People in 1986
9
Popular People in 1976
10
Popular People in 1921
Explore More
Trending Topics
Crossword
Marvel
Anime
Kpop
Harry Potter
NBA
Disney
Puzzle
Song
NFL
WWE
Pokémon
Soccer
Country
The Office
hide this ad
More By:
rainbownia
Quiz
Plays
Rating
Category
Featured
Created
Last Five Presidents
113,964
4.49
History
Nov 30, 2009
College Sports by Team Size
2,014
4.07
Sports
Oct 8, 2009
Five More Presidents
1,298
2.03
History
Nov 30, 2009
The Trucker Quiz
439
4.75
Geography
Nov 26, 2009
State Border Rivers
312
2.78
Geography
Nov 28, 2009
Go to Creator's Profile
Score Distribution
Quiz Creator Spotlight
rainbownia
Follow
Send a Message
Quizzes Created
-
Created Quiz Play Count
-
More By This Creator
Popular Quizzes Today
1
Find the US States - No Outlines Minefield
2
Colored Red Africa Blitz
3
Find the 'City' Movie
4
The Countries of the World
5
5x2 Blitz: Bands
6
Find the US States
7
Find the Countries of Europe - No Outlines Minefield
8
US States
More History Quizzes
17th Century Match-Up
Published
Trending Quizzes
Colored Red Europe Blitz I
Colored Red Europe Blitz II
Colored Red Africa Blitz II
Colored Red Europe Blitz III
Colored Red Africa Blitz III
Recently Updated
Odd Team Out - Big 4 Players
pecheneg
Quick Pick: 20 Twenties
pecheneg
March Madness Men's Triple Doubles
pecheneg
How Do You Spell That?
pecheneg
Godzilla Movies
pecheneg
Grab Bag: 4-10 Letters
pecheneg
2024 March Madness Bracket
pecheneg
Famous TV Couples
Peacemaker
Champions League XIs: Real Madrid
pecheneg
Largest US Cities 1790-2010
pecheneg
Trending Topics
Marvel
Kpop
Crossword
Anime
Disney
Harry Potter
NBA
The Office
NFL
Pokémon
Song
Puzzle
Country
Soccer
WWE
Your Account Isn't Verified!
In order to create a playlist on Sporcle, you need to verify the email address you used during registration. Go to your
Sporcle Settings
to finish the process.
Report this User
Report this user for behavior that violates our
Community Guidelines
.
Details:
Send Report
Go to the Sporcle.com Mobile Site →
Comments